| 000 | 00403nam a22001337a 4500 | ||
|---|---|---|---|
| 082 |
_a372.86 _bOSW/C |
||
| 100 | _aOSWAAL | ||
| 245 | _aCBSE QUESTION PAPERS - PHYSICAL EDUCATION - 12TH | ||
| 246 |
_aCBSE QUESTION PAPERS - PHYSICAL EDUCATION - 12TH _bCBSE QUESTION PAPERS - PHYSICAL EDUCATION - 12TH |
||
| 260 |
_aNEW DELHI _bOSWAAL _c2024 |
||
| 300 | _a245 | ||
| 650 | _aPHYSICAL EDUCATION | ||
| 942 | _cBK | ||
| 999 |
_c8947 _d8947 |
||